000 00304nam a22001457a 4500
008 210514b ||||| |||| 00| 0 eng d
020 _a087754951
041 _aeng
080 _a82
082 _a82
100 _a21
101 _aGJL
245 _aAmerican Poetry to 1914
_cBloom,H
942 _2udc
_cBK
999 _c57313
_d57313